Topics in geometry, coding theory and cryptography / (Record no. 29937)
[ view plain ]
| 000 -LEADER | |
|---|---|
| fixed length control field | 00695 a2200205 4500 |
| 020 ## - INTERNATIONAL STANDARD BOOK NUMBER | |
| International Standard Book Number | 1402053339 |
| 020 ## - INTERNATIONAL STANDARD BOOK NUMBER | |
| International Standard Book Number | 9781402053337 |
| 082 ## - DEWEY DECIMAL CLASSIFICATION NUMBER | |
| Classification number | 516 |
| 090 ## - LOCALLY ASSIGNED LC-TYPE CALL NUMBER (OCLC); LOCAL CALL NUMBER (RLIN) | |
| -- | 1324 |
| -- | 1324 |
| 100 ## - MAIN ENTRY--PERSONAL NAME | |
| Personal name | Garcia, Arnaldo. |
| 245 10 - TITLE STATEMENT | |
| Title | Topics in geometry, coding theory and cryptography / |
| Statement of responsibility, etc. | Arnaldo Garcia, Henning Stichtenoth. |
| 260 ## - PUBLICATION, DISTRIBUTION, ETC. | |
| Place of publication, distribution, etc. | [S.l.] : |
| Name of publisher, distributor, etc. | Springer, |
| Date of publication, distribution, etc. | 2007. |
| 300 ## - PHYSICAL DESCRIPTION | |
| Extent | 211 p. ; |
| Dimensions | 25 cm. |
| 490 1# - SERIES STATEMENT | |
| Series statement | Algebra and applications. |
| 700 1# - ADDED ENTRY--PERSONAL NAME | |
| Personal name | Garcia, Arnaldo. |
| 700 1# - ADDED ENTRY--PERSONAL NAME | |
| Personal name | Stichtenoth, Henning. |
| 830 #0 - SERIES ADDED ENTRY--UNIFORM TITLE | |
| Uniform title | Algebra and applications. |
| 942 ## - ADDED ENTRY ELEMENTS (KOHA) | |
| Institution code [OBSOLETE] | SNS |
| Koha item type | Book |
| Call number prefix | 516 GAR |
| Withdrawn status | Lost status | Damaged status | Not for loan | Permanent Location | Current Location | Date acquired | Total Checkouts | Full call number | Barcode | Date last seen | Price effective from | Koha item type |
|---|---|---|---|---|---|---|---|---|---|---|---|---|
| School of Natural Sciences (SNS) | School of Natural Sciences (SNS) | 05/26/2016 | 516 GAR | SNS0001388 | 05/26/2016 | 05/26/2016 | Book |
